Bóng tròn thế giới và Pélé

Sách đề cập đến cuộc đời và tiểu sử của danh thủ bóng đá Pélé.

Spremljeno u:
Bibliografski detalji
Glavni autor: Nguyễn, Thanh Liêm
Format: Knjiga
Jezik:Undetermined
Izdano: Tp. HCM Văn Nghệ 1994
Teme:
Oznake: Dodaj oznaku
Bez oznaka, Budi prvi tko označuje ovaj zapis!
Thư viện lưu trữ: Trung tâm Học liệu Trường Đại học Cần Thơ
LEADER 00694nam a2200217Ia 4500
001 CTU_29327
008 210402s9999 xx 000 0 und d
020 |c 16500 
082 |a 796.334092 
082 |b L304 
100 |a Nguyễn, Thanh Liêm 
245 0 |a Bóng tròn thế giới và Pélé 
245 0 |c Nguyễn Thanh Liêm 
260 |a Tp. HCM 
260 |b Văn Nghệ 
260 |c 1994 
520 |a Sách đề cập đến cuộc đời và tiểu sử của danh thủ bóng đá Pélé. 
650 |a Football,Soccer 
650 |x History,Biography 
904 |i Minh, 990319 
980 |a Trung tâm Học liệu Trường Đại học Cần Thơ